000 00812nam a22002057a 4500
005 20100724105822.0
010 _aENG-96667
020 _a9788120338876
_c595.00
035 _aEN-80200
037 _bDBAD/PUB
082 _a005.7585
100 _aThernstrom, Tobias
_91160
245 _aMCTS self-paced training kits (Exam 70-433):
_bMicrosoft SQL server 2008-Database development /
_cby Tobias Thernstrom... [et al]
260 _aNew Delhi
_bPHI Learning
_c2009
270 _aM-97, Connaught Circus
_bNew Delhi
_e110001
300 _axxii, 456p.
_c24cm (Hb)
_e1CD-ROM
500 _aincludes index
942 _2ddc
_cEN
_h005.7585
_mTHE
999 _c37494
_d37494